Eastern Utah Libraries Catalog: Duchesne, Heber, Roosevelt, & Vernal

My father's dragon / (Record no. 323456)

MARC details
000 -LEADER
fixed length control field 01767pam a2200421 a 4500
001 - CONTROL NUMBER
control field 989940
005 - DATE AND TIME OF LATEST TRANSACTION
control field 20260205142126.0
008 - FIXED-LENGTH DATA ELEMENTS--GENERAL INFORMATION
fixed length control field 861114t19871948nyua j 000 1 eng
010 ## - LIBRARY OF CONGRESS CONTROL NUMBER
LC control number 86027635
020 ## - INTERNATIONAL STANDARD BOOK NUMBER
International Standard Book Number 0394890485 (pbk.)
040 ## - CATALOGING SOURCE
Original cataloging agency DLC
Transcribing agency DLC
Modifying agency DLC
042 ## - AUTHENTICATION CODE
Authentication code lcac
050 00 - LIBRARY OF CONGRESS CALL NUMBER
Classification number PZ7.G15
Item number My 1987
082 00 - DEWEY DECIMAL CLASSIFICATION NUMBER
Classification number [Fic]
Edition number 19
100 1# - MAIN ENTRY--PERSONAL NAME
Personal name Gannett, Ruth Stiles.
9 (RLIN) 19911
245 10 - TITLE STATEMENT
Title My father's dragon /
Statement of responsibility, etc story by Ruth Stiles Gannett ; illustrations by Ruth Chrisman Gannett.
260 ## - PUBLICATION, DISTRIBUTION, ETC. (IMPRINT)
Place of publication, distribution, etc New York :
Name of publisher, distributor, etc Knopf :
-- Distributed by Random House,
Date of publication, distribution, etc [1987], c1948.
300 ## - PHYSICAL DESCRIPTION
Extent 86 p. :
Other physical details ill. ;
Dimensions 21 cm.
490 ## - SERIES STATEMENT
Series statement Newbery
490 1# - SERIES STATEMENT
Series statement Three tales of my father's dragon ;
Volume number/sequential designation bk. 1
500 ## - GENERAL NOTE
General note "Borzoi spinters"--P. 4 of cover.
500 ## - GENERAL NOTE
General note Sequel: Elmer and the dragon.
520 ## - SUMMARY, ETC.
Summary, etc A young boy runs away from home to rescue an abused baby dragon held captive to serve as a free twenty-four hour, seven-days-a-week ferry for the lazy wild animals living on Wild Island.
650 ## - SUBJECT ADDED ENTRY--TOPICAL TERM
Topical term or geographic name as entry element Newbery Medal
650 #1 - SUBJECT ADDED ENTRY--TOPICAL TERM
Topical term or geographic name as entry element Dragons
Form subdivision Fiction.
9 (RLIN) 5673926
650 #1 - SUBJECT ADDED ENTRY--TOPICAL TERM
Topical term or geographic name as entry element Animals
Form subdivision Fiction.
9 (RLIN) 5678722
650 #1 - SUBJECT ADDED ENTRY--TOPICAL TERM
Topical term or geographic name as entry element Rescues
Form subdivision Fiction.
9 (RLIN) 5673825
650 #1 - SUBJECT ADDED ENTRY--TOPICAL TERM
Topical term or geographic name as entry element Islands
Form subdivision Fiction.
9 (RLIN) 5673780
700 1# - ADDED ENTRY--PERSONAL NAME
Personal name Gannett, Ruth Chrisman,
Relator term ill.
9 (RLIN) 9186
800 1# - SERIES ADDED ENTRY--PERSONAL NAME
Personal name Gannett, R. S.
Title of a work Three tales of my father's dragon ;
Volume/sequential designation bk. 1.
9 (RLIN) 6017053
856 42 - ELECTRONIC LOCATION AND ACCESS
Materials specified Contributor biographical information
Uniform Resource Identifier <a href="http://www.loc.gov/catdir/bios/random056/86027635.html">http://www.loc.gov/catdir/bios/random056/86027635.html</a>
906 ## - LOCAL DATA ELEMENT F, LDF (RLIN)
a 7
b cbc
c orignew
d 1
e ocip
f 19
g y-gencatlg
942 ## - ADDED ENTRY ELEMENTS (KOHA)
Koha item type BOOK
948 ## - LOCAL PROCESSING INFORMATION (OCLC); SERIES PART DESIGNATOR (RLIN)
Series part designator, SPT (RLIN) 01/09/2020
z (OCLC) Sirsi
955 ## - COPY-LEVEL INFORMATION (RLIN)
-- rf19 2010-02-01
991 ## -
-- c-GenColl
-- PZ7.G15
-- My 1987
-- 00009931806
-- Copy 1
-- BOOKS
996 ## -
-- 174060
-- 34301001602319
-- JNEW
-- bk
-- wcl
-- i
-- 0
-- 7.95
-- micromarketing
-- Gan
-- 01/09/2020
-- 01/09/2020
Holdings
Withdrawn status Lost status Source of classification or shelving scheme Damaged status Not for loan Collection code Home library Current library Shelving location Date acquired Source of acquisition Serial Enumeration / chronology Total Checkouts Total Renewals Full call number Barcode Checked out Date last seen Date checked out Cost, replacement price Price effective from Koha item type
    Dewey Decimal Classification     Junior Fiction Wasatch County Library Wasatch County Library Main Floor Junior Area 09/28/2022 Amazon #1 My Father's Dragon 15 21 J Gannett 34301001864422 04/25/2026 02/24/2026 02/24/2026 5.99 09/28/2022 BOOK
This project was made possible through a grant from the Institute of Museum and Library Service administered by the Utah State Library Division.

Wasatch County Library

  • 465 East 1200 South, Heber City, Utah 84032
  • Phone 435-654-1511 | Fax 435-654-6456

Hours

  • Monday - Friday 9:30 AM - 8:00 PM
  • Saturday 9:30 AM - 1:30 PM
  • Closed Sundays and Holidays